Normal view
MARC view
- RELATIONAL DATABASE SQL COMPUTER PROGRANE LANGUAGE ACC NO-30073
Entry Topical Term
001 - CONTROL NUMBER
- control field: 70480
003 - CONTROL NUMBER IDENTIFIER
- control field: NUST
005 - DATE AND TIME OF LATEST TRANSACTION
- control field: 20210628204459.0
008 - FIXED-LENGTH DATA ELEMENTS
- fixed length control field: 210628|| aca||aabn | a|a d
040 ## - CATALOGING SOURCE
- Original cataloging agency: NUST
- Transcribing agency: NUST
150 ## - HEADING--TOPICAL TERM
- Topical term or geographic name entry element: RELATIONAL DATABASE SQL COMPUTER PROGRANE LANGUAGE ACC NO-30073
670 ## - SOURCE DATA FOUND
- Source citation: Work cat.: (NUST): Darnovsky, M Emerson, S. L Bowman, J. S 70479, The practical sql handbook using structured query language, 1996
